CONGNITIVE PSYCHOLOGY (Record no. 26679)

MARC details
000 -LEADER
fixed length control field 00337nam a22001577a 4500
003 - CONTROL NUMBER IDENTIFIER
control field SGT
020 ## - INTERNATIONAL STANDARD BOOK NUMBER
International Standard Book Number 9789351502777
082 ## - DEWEY DECIMAL CLASSIFICATION NUMBER
Classification number 150,GAL
100 ## - MAIN ENTRY--PERSONAL NAME
Personal name GALATTI,KATHLEEN M.
245 ## - TITLE STATEMENT
Title CONGNITIVE PSYCHOLOGY
250 ## - EDITION STATEMENT
Edition statement 5TH
260 ## - PUBLICATION, DISTRIBUTION, ETC. (IMPRINT)
Place of publication, distribution, etc NEW DELHI
Name of publisher, distributor, etc SAGE PUB.
Year of Publication 2024
300 ## - PAGE DESCRIPTION
No. of Pages 403
650 ## - SUBJECT ADDED ENTRY--TOPICAL TERM
Topical term or geographic name as entry element PSYCHOLOGY
942 ## - ADDED ENTRY ELEMENTS (KOHA)
Source of classification or shelving scheme Dewey Decimal Classification
Koha item type Books
942 ## - ADDED ENTRY ELEMENTS (KOHA)
-- 61
Holdings
Withdrawn status Lost status Source of classification or shelving scheme Damaged status Use restrictions Not for loan Collection code Home library Current library Shelving location Date acquired Vendor Name Cost, normal purchase price SGTU Bill Number Full call number Accession No. (Barcode) Date last seen Bill Date Koha item type Total Checkouts Date last borrowed
    Dewey Decimal Classification   Restricted Access Not For Loan ENGINEERING SGT Engineering Library SGT Engineering Library Reference Book 15/07/2024 ABC PUBLISHERS & DISTRIBUTORS PVT. LTD. 850.00 SGTU IN39 150,GAL FE9094 15/07/2024 26/06/2024 Books    
    Dewey Decimal Classification       ENGINEERING SGT Engineering Library SGT Engineering Library Text Book 15/07/2024 ABC PUBLISHERS & DISTRIBUTORS PVT. LTD. 850.00 SGTU IN39 150,GAL FE9095 13/01/2025 26/06/2024 Books 6 30/12/2024
    Dewey Decimal Classification       ENGINEERING SGT Engineering Library SGT Engineering Library Text Book 15/07/2024 ABC PUBLISHERS & DISTRIBUTORS PVT. LTD. 850.00 SGTU IN39 150,GAL FE9096 04/06/2026 26/06/2024 Books 12 21/05/2026
    Dewey Decimal Classification       ENGINEERING SGT Engineering Library SGT Engineering Library Text Book 15/07/2024 ABC PUBLISHERS & DISTRIBUTORS PVT. LTD. 850.00 SGTU IN39 150,GAL FE9097 17/01/2025 26/06/2024 Books 12 09/01/2025
    Dewey Decimal Classification       ENGINEERING SGT Engineering Library SGT Engineering Library Text Book 15/07/2024 ABC PUBLISHERS & DISTRIBUTORS PVT. LTD. 850.00 SGTU IN39 150,GAL FE9098 18/02/2026 26/06/2024 Books 12 09/12/2025
    Dewey Decimal Classification       ENGINEERING SGT Engineering Library SGT Engineering Library Text Book 15/07/2024 ABC PUBLISHERS & DISTRIBUTORS PVT. LTD. 850.00 SGTU IN39 150,GAL FE9099 09/01/2025 26/06/2024 Books 9 26/12/2024
    Dewey Decimal Classification       ENGINEERING SGT Engineering Library SGT Engineering Library Text Book 15/07/2024 ABC PUBLISHERS & DISTRIBUTORS PVT. LTD. 850.00 SGTU IN39 150,GAL FE9100 09/01/2025 26/06/2024 Books 6 02/01/2025
    Dewey Decimal Classification       ENGINEERING SGT Engineering Library SGT Engineering Library Text Book 15/07/2024 ABC PUBLISHERS & DISTRIBUTORS PVT. LTD. 850.00 SGTU IN39 150,GAL FE9101 09/01/2025 26/06/2024 Books 10 07/01/2025